Quiz dos estados brasileiros - Piauí - Statistics

Estatísticas Gerais
  • Esse quiz foi jogado 143 vezes
  • A pontuação média é 13 de 18
Estatísticas das Respostas
Dica Resposta % Correto
Capital Teresina
98%
3 cidade mais populosas Teresina
98%
Biomas que podem ser encontrados no estado caatinga
92%
A capital do Piauí, vizinha a esse estado, é a única do Brasil que faz fronteira a outro estado Maranhão
88%
Biomas que podem ser encontrados no estado cerrado
85%
3 cidade mais populosas Parnaíba
83%
Comediante e youtuber famoso Whindersson Nunes
83%
O Piauí possui um litigio territorial ainda não resolvido com esse estado Ceará
81%
Parque nacional com a maior e mais antiga concentração de sítios pré-históricos da América Serra da Capivara
79%
O estado possui apenas 66km disso, o menor do país litoral
78%
Fruta com que se faz a bebida típica do estado caju
71%
Na guerra de independência brasileira o estado apoiou esse país Portugal
70%
3 cidade mais populosas Picos
68%
Posição que o delta do rio Paranaíba ocupa na lista de maior do mundo 3
61%
Produto agrícola que corresponde a aprox. 65% das exportações do estado soja
60%
Palmeira cuja cera é utilizada em cosméticos e remédios, possuindo relevância econômica no estado carnaúba
57%
Batalha da guerra de independência que ocorreu no estado Jenipapo
47%
Parque vizinho ao citado e maior do nordeste Serra das Confusões
31%
Nenhum quiz correspondente encontrado
Distribuição das Pontuações
Porcentagem de Pessoas com Cada Pontuação
Percentil de Números Respondidos
Sua Pontuação Histórica
Você não jogou esse quiz